Регионална библиотека "Любен Каравелов" - Русе

Уин (Запис номер 472057)

MARC детайли
000 -Лидер
Контролно поле с фиксирана дължина 01036nam a2200289 a 4500
003 - Код на организацията, давaща контролен номер
Контролно поле BLK
005 - Дата и час на последна редакция
Контролно поле 20250509123104.0
008 - Елементи от данни с фиксирана дължина
fixed length control field 210805b bul|||||r ||||||| ||bul||
020 ## - Международен стандартен номер на книга ISBN
Международен стандартен номер на книга ISBN 9786190210399
040 ## - Източник на каталожния запис
Идентификатор на билиотеката - собственик на записа BLK
041 ## - Код за език
Код за езика на текст/звукозапис или на отделно заглавие Български
Код за езика КДБФ Български
080 ## - УДК
Текстов определител УДК Американска литература (на САЩ)
УДК код - определител по УДК 821.111(73)
УДК определител -312.4
УДК - код + определител 821.111(73)-312.4
100 1# - Редна дума - Автор
Автор Коубън, Харлан
Авторска отговорност първи автор
R(LIN) 83442
139 ## - Редно поле
Редна дума Коубън, Харлан
Авторски знак Кот - К 87
245 10 - Сведения за заглавието
Заглавие Уин
Подзаглавни данни Роман
Редно поле (дума) Харлан Коубън ; прев. от англ. Паулина Мичева.
257 ## - Страна на издаване
Страна на създаване/издаване Съединени американски щати
260 ## - Област на издателските данни
Място на издаване, разпространение и проч. София
Име на издателя, разпространителя и проч. Колибри
Година на издаване 2022
300 ## - Физическа характеристика
Страници 396 с.
Размери/Мащаб 20 см
380 ## - Жанр
Жанр Худож. лит.
490 ## - СЕРИИ (Колекции)
Име на серия Съвременни трилъри
9 (RLIN) 203127
500 ## - Общи забележки
Забележка Ориг. загл.: Win / Harlan Coben
700 ## - Други автори (авторска отговорност)
Лично име Мичева, Паулина Стойчева
9 (RLIN) 368043
852 ## - Местоположение
Форматна сигнатура Цб 314679
Фондова буква Хранилище
999 ## - СИСТЕМНИ КОНТРОЛНИ НОМЕРА
Koha biblionumber 472057
Koha biblioitemnumber 472057
942 ## - АРТИКУЛИ
Вид на библиотечния материал Книги
Скрит в OPAC Не
Koha issues (borrowed), all copies 104
Периодичен библиозапис Да
944 ## - СЪЗДАВАНЕ И РЕДАКЦИЯ на ЗАПИСА
Служител, извършил регистрацията/редакцията 30542
Статус, дата на статуса Русанова Ирена
999 ## - СИСТЕМНИ КОНТРОЛНИ НОМЕРА
Koha biblioitemnumber 472057
Наличности
Код за отписване Код за изгубен артикул Източник на класификационната схема Код за повреда Коз за рестрикции Код за отдаване Артикулен № Име на библиотеката - собственик Име на библиотеката, в която се намира в момента Статус (Текущо местоположение) Дата на вписване в системата Местоположение - отдел Цена в лева Систематично азбучна сигнатура Баркод Цена в евро Служебен тип на артикула
  Не е изгубен Universal Decimal Classification Не е повреден без рестрикции заемане за дома 902689 Регионална библиотека "Любен Каравелов" Русе Регионална библиотека "Любен Каравелов" Русе Заемна - подръчен фонд 2022-09-01 Заемна - подръчен фонд 25.00 821-31/К 87 Х 120000875399 12.78 Книги
  Не е изгубен Universal Decimal Classification Не е повреден без рестрикции заемане за дома 902690 Регионална библиотека "Любен Каравелов" Русе Регионална библиотека "Любен Каравелов" Русе Заемна - подръчен фонд 2022-09-01 Заемна - подръчен фонд 25.00 821-31/К 87 Х 120000875400 12.78 Книги
  Не е изгубен Universal Decimal Classification Не е повреден без рестрикции заемане за дома 902691 Регионална библиотека "Любен Каравелов" Русе Регионална библиотека "Любен Каравелов" Русе Заемна - подръчен фонд 2022-09-01 Заемна - подръчен фонд 25.00 821-31/К 87 Х 120000875398 12.78 Книги
  Не е изгубен Universal Decimal Classification Не е повреден само за читалня ползва се в читалня 906016 Регионална библиотека "Любен Каравелов" Русе Регионална библиотека "Любен Каравелов" Русе Хранилище 2022-10-03 Хранилище 25.00 Цб 314680 120000877656 12.78 Книги
Vip Innovations Ltd, Rousse, Bulgaria 2025